Warrior cats P names - Statistics

General Stats
  • This quiz has been taken 13 times
    7 since last reset
  • The average score is 25 of 85
Answer Stats
% Correct
PatchKp
75%
Patch pelt
75%
Patchpelt
75%
PatchRf
75%
Pebblefur
75%
Pebbleshine
75%
Pebble that rolls down mountain
75%
Perchpaw
75%
Pine
75%
Pinestar
75%
Pounce
75%
Pouncestep
75%
Puddleshine
75%
Palebird
50%
Patchfoot
50%
Peanut
50%
Pearnose
50%
Pebble heart
50%
Pebblenose
50%
Pepper
50%
Perchkit
50%
Perchwing
50%
Pineclaw
50%
Pinefur
50%
Pink eyes
50%
Plumstone
50%
Poolkit
50%
Poppyfrost
50%
Purdy
50%
Pad
25%
Palepaw
25%
Pale sky
25%
Palesky
25%
Parsleyseed
25%
Patchkit
25%
Peaktail
25%
Pebblefoot
25%
PetalDotc
25%
Petalfall
25%
PetalSister
25%
Petalstep
25%
Petunia
25%
Pigeonflight
25%
Pigeonfoot
25%
PikepawBotc
25%
PikepawMo
25%
Piper
25%
Plumclaw
25%
Pod
25%
Podlight
25%
Polly
25%
Poolcloud
25%
Prickleface
25%
PricklekitRc
25%
PricklekitWc
25%
Primrosepaw
25%
Princess
25%
Palefoot
0%
Pancakes
0%
Parsnip
0%
Pasha
0%
Peg
0%
Percy
0%
Petaldust
0%
Petalfur
0%
PetalkitLc
0%
PetalkitMv
0%
Petalnose
0%
Pickle
0%
Pigeonpaw
0%
Piketooth
0%
Pinebrush
0%
Pine needle
0%
Pinenose
0%
Pipsqueak
0%
Pixie
0%
Plumwillow
0%
Poppycloud
0%
Poppydawn
0%
PouncetailRc
0%
PouncetailShc
0%
Pricklenose
0%
Puffkit
0%
Pumpernickel
0%
Pumpkin
0%
No matching quizzes found
Score Distribution
Percent of People with Each Score
Percentile by Number Answered
Your Score History
You have not taken this quiz since the last reset